[Event "Bayern-chTT (RL Nord-West)"]
[Site "Bayern 2008/09"]
[Date "2009.03.01"]
[Round "7.7"]
[White "Ortlauf, Erwin"]
[Black "Scheidt, Joerg Dr"]
[Result "0-1"]
[WhiteElo "1910"]
[BlackElo "1975"]
[PlyCount "50"]
[EventDate "2009.03.??"]
[EventType "team-tourn"]
[EventRounds "9"]
[WhiteTeam "Bamberg-SC 2"]
[BlackTeam "Hof 1"]

1. d4 e6 2. c4 b6 3. Nc3 Bb7 4. Nf3 d6 5. e4 Nd7 6. Bd3 g6 7. O-O Bg7 8. Be3
Ne7 9. Qd2 h6 10. h3 a6 11. b4 Kf8 12. Nh2 Nc6 13. f4 Nxd4 14. f5 exf5 15. exf5
g5 16. f6 Bxf6 17. Ng4 Ne6 18. h4 Be5 19. Bg6 Nf4 20. Bxf7 Kxf7 21. g3 Ke8 22.
gxf4 gxf4 23. Bxf4 Rg8 24. Qe2 Qxh4 25. Bxe5 Nxe5 0-1

[Event "Bayern-chTT (RL Nord-West)"]
[Site "Bayern 2008/09"]
[Date "2009.03.01"]
[Round "7.8"]
[White "Schleupner, Kurt"]
[Black "Sonnenberg, Christoph"]
[Result "1/2-1/2"]
[WhiteElo "1877"]
[BlackElo "1888"]
[PlyCount "91"]
[EventDate "2009.03.??"]
[EventType "team-tourn"]
[EventRounds "9"]
[WhiteTeam "Hof 1"]
[BlackTeam "Bamberg-SC 2"]

1. e4 e6 2. d4 d5 3. Nc3 Nf6 4. Bg5 Bb4 5. e5 h6 6. Bd2 Bxc3 7. bxc3 Ne4 8. Qg4
Kf8 9. Bd3 Nxd2 10. Kxd2 Qg5+ 11. Qxg5 hxg5 12. g4 c5 13. Nf3 c4 14. Be2 f6 15.
h4 gxh4 16. Nxh4 Rg8 17. f4 Nc6 18. Raf1 f5 19. gxf5 exf5 20. Ng6+ Kf7 21. Bh5
Be6 22. Rb1 b6 23. a4 Ne7 24. Rhg1 Rab8 25. a5 Nc6 26. axb6 Rxb6 27. Ra1 a5 28.
Nh4+ Ke7 29. Nf3 Rh8 30. Rxg7+ Kf8 31. Rg5 Rb7 32. Nh4 Bf7 33. Bxf7 Kxf7 34.
Rxf5+ Ke8 35. Nf3 Rh3 36. Rf1 a4 37. Rg5 a3 38. Rg8+ Kd7 39. Rg7+ Ne7 40. f5
Rxf3 41. Rxf3 a2 42. f6 a1=Q 43. Rxe7+ Kc6 44. Rxb7 Qh1 45. Ke2 Qh2+ 46. Kf1
1/2-1/2

[Event "Bayern-chTT (RL Nord-West)"]
[Site "Bayern 2008/09"]
[Date "2009.03.01"]
[Round "7.1"]
[White "Lorenz, Mark"]
[Black "Loew, Gerald"]
[Result "0-1"]
[WhiteElo "2248"]
[BlackElo "2246"]
[PlyCount "154"]
[EventDate "2009.03.??"]
[EventType "team-tourn"]
[EventRounds "9"]
[WhiteTeam "Marktleuthen 1"]
[BlackTeam "Bindlach 2"]

1. Nf3 c5 2. c4 g6 3. Nc3 Bg7 4. d4 cxd4 5. Nxd4 Nc6 6. Nxc6 bxc6 7. g3 Nf6 8.
Bg2 O-O 9. O-O Rb8 10. Qc2 c5 11. Bg5 d6 12. Rad1 h6 13. Bc1 Be6 14. b3 Qc8 15.
Rfe1 Bh3 16. Bf3 Bf5 17. Qd2 Qe6 18. Bb2 Ne4 19. Nxe4 Bxe4 20. Bxg7 Kxg7 21.
Qf4 Bxf3 22. exf3 Qf6 23. Qe4 Rfe8 24. Kg2 Rb6 25. Rd3 a5 26. Ree3 Qf5 27. Qh4
Qg5 28. Qh3 Qf5 29. g4 Qd7 30. Qg3 a4 31. h4 axb3 32. axb3 Ra8 33. Qf4 Ra3 34.
Qe4 Qb7 35. Qxb7 Rxb7 36. f4 Ra6 37. g5 h5 38. Kf3 e6 39. Ke2 Kf8 40. Kf3 Ke7
41. Kg3 Ra1 42. Re2 Rb1 43. Ree3 Ra7 44. Kg2 Raa1 45. Rh3 Rg1+ 46. Kf3 Ra2 47.
Re3 Rb2 48. Rg3 Rf1 49. Rg2 Kd7 50. Kg3 Rfb1 51. f3 Rxb3 52. Rxb3 Rxb3 53. Ra2
Rd3 54. Ra7+ Ke8 55. Rc7 Rd4 56. Ra7 Rxc4 57. Ra8+ Ke7 58. Ra7+ Kf8 59. Ra8+
Kg7 60. Rd8 d5 61. Rc8 Rc2 62. Rd8 Rd2 63. f5 gxf5 64. Kf4 c4 65. Rc8 Rd3 66.
Rd8 c3 67. Rc8 d4 68. g6 f6 69. Rc6 Kxg6 70. Kg3 e5 71. Rc7 f4+ 72. Kg2 Kf5 73.
Rc5 Ke6 74. Rc8 f5 75. Kf2 Rd2+ 76. Ke1 Rh2 77. Rc7 c2 0-1

[Event "Bayern-chTT (RL Nord-West)"]
[Site "Bayern 2008/09"]
[Date "2009.03.01"]
[Round "7.2"]
[White "Helbig, Uwe"]
[Black "Heinz, Thomas(81)"]
[Result "0-1"]
[WhiteElo "2224"]
[BlackElo "2040"]
[PlyCount "82"]
[EventDate "2009.03.??"]
[EventType "team-tourn"]
[EventRounds "9"]
[WhiteTeam "Bindlach 2"]
[BlackTeam "Marktleuthen 1"]

1. d4 d5 2. Nf3 Nf6 3. Bg5 e6 4. e3 Be7 5. Nbd2 b6 6. Ne5 O-O 7. Bd3 c5 8. c3
Nfd7 9. Qh5 f5 10. h4 Nxe5 11. dxe5 Ba6 12. Bxa6 Nxa6 13. Qe2 Nc7 14. f4 h6 15.
Bxe7 Qxe7 16. g4 d4 17. c4 Rad8 18. e4 d3 19. Qe3 fxg4 20. O-O-O h5 21. Rhf1
Na6 22. f5 Qc7 23. Qg5 Qxe5 24. Qxh5 Nb4 25. Qxg4 exf5 26. Rxf5 Rxf5 27. exf5
Nxa2+ 28. Kb1 Nb4 29. Rg1 Re8 30. Nf3 Qf6 31. Qg5 Qxg5 32. hxg5 Re4 33. g6 Kf8
34. Ng5 Re2 35. Kc1 Na2+ 36. Kb1 Nb4 37. Kc1 Ke7 38. Nh7 Na2+ 39. Kb1 d2 40.
f6+ gxf6 41. Rd1 Nb4 0-1

[Event "Bayern-chTT (RL Nord-West)"]
[Site "Bayern 2008/09"]
[Date "2009.03.01"]
[Round "7.3"]
[White "Wilfert, Andre"]
[Black "Oehrlein, Alexander"]
[Result "1-0"]
[WhiteElo "2009"]
[BlackElo "2076"]
[PlyCount "45"]
[EventDate "2009.03.??"]
[EventType "team-tourn"]
[EventRounds "9"]
[WhiteTeam "Marktleuthen 1"]
[BlackTeam "Bindlach 2"]

1. e4 g6 2. d4 Bg7 3. Nf3 d6 4. Bc4 Nf6 5. Nc3 a6 6. O-O b5 7. Bb3 O-O 8. e5
Ne8 9. Ng5 Bb7 10. e6 f6 11. Nf7 Qc8 12. Re1 c5 13. Nd5 Bxd5 14. Bxd5 Ra7 15.
dxc5 dxc5 16. Be3 f5 17. b4 Rc7 18. bxc5 Bxa1 19. Qxa1 Nf6 20. Bg5 Nbd7 21.
exd7 Qxd7 22. Be6 Qc6 23. Nd8+ 1-0

[Event "Bayern-chTT (RL Nord-West)"]
[Site "Bayern 2008/09"]
[Date "2009.03.01"]
[Round "7.4"]
[White "Pesch, Werner ProfDr"]
[Black "Kirschneck, Toralf"]
[Result "1/2-1/2"]
[WhiteElo "2173"]
[BlackElo "2050"]
[PlyCount "227"]
[EventDate "2009.03.??"]
[EventType "team-tourn"]
[EventRounds "9"]
[WhiteTeam "Bindlach 2"]
[BlackTeam "Marktleuthen 1"]

1. e4 c5 2. Nf3 Nc6 3. Bb5 g6 4. O-O Bg7 5. c3 d6 6. h3 Bd7 7. Re1 a6 8. Bf1
Nf6 9. d4 cxd4 10. cxd4 O-O 11. Nc3 b5 12. a3 Rc8 13. Re2 Kh8 14. Rc2 Na5 15.
Rb1 Bc6 16. b4 Nc4 17. Bxc4 bxc4 18. d5 Bb7 19. Be3 Nd7 20. Bd4 Ne5 21. Nxe5
Bxe5 22. Bxe5+ dxe5 23. Na4 f5 24. Nc5 Qb6 25. Rxc4 Rfd8 26. Qc2 fxe4 27. Nxb7
Rxc4 28. Qxc4 Qxb7 29. Rd1 Qb6 30. Qxe4 Qd6 31. Re1 Qxd5 32. Qxe5+ Qxe5 33.
Rxe5 Rd3 34. Re3 Rd1+ 35. Kh2 Ra1 36. Kg3 Kg8 37. Kf4 Kf7 38. Ke5 Rd1 39. Rc3
Rd2 40. Rf3+ Ke8 41. Kf4 h6 42. Ke3 Rd1 43. Ke2 Rd5 44. Rd3 Rf5 45. Rg3 g5 46.
Rc3 Kd7 47. Rb3 Kc6 48. a4 e6 49. Rf3 Rd5 50. Rf6 Kd6 51. Rxh6 Rd4 52. b5 Rxa4
53. bxa6 Rxa6 54. Rg6 Ra5 55. Kf3 Rf5+ 56. Kg4 Rxf2 57. g3 Ke7 58. Rxg5 Kf6 59.
Ra5 Rb2 60. h4 Rb4+ 61. Kh5 Rb8 62. Rg5 Rh8+ 63. Kg4 Rb8 64. Ra5 Rb4+ 65. Kh5
Rb8 66. Ra4 Rh8+ 67. Kg4 Rg8+ 68. Kf4 Rh8 69. Ra5 Rb8 70. Ra4 Rh8 71. Kg4 Rg8+
72. Kh3 Rb8 73. Rf4+ Kg6 74. Kg4 Rb5 75. Re4 Kf6 76. h5 Rg5+ 77. Kh4 Rb5 78. g4
Rb1 79. Rf4+ Kg7 80. Re4 Kf6 81. Re3 Rh1+ 82. Rh3 Rg1 83. Rf3+ Kg7 84. Kg5 Rb1
85. h6+ Kg8 86. Kg6 Rb7 87. Rc3 Rb8 88. g5 Re8 89. Rc7 e5 90. Rc3 e4 91. Re3
Re5 92. Kf6 Re8 93. Kf5 Rf8+ 94. Kxe4 Kh7 95. Rf3 Re8+ 96. Kf5 Ra8 97. Kg4 Kg6
98. Rf6+ Kh7 99. Kh5 Ra5 100. Rf7+ Kg8 101. Re7 Kf8 102. Rb7 Kg8 103. Rb8+ Kf7
104. h7 Ra1 105. h8=Q Rh1+ 106. Kg4 Rxh8 107. Rxh8 Ke6 108. Rf8 Ke7 109. Rf3
Ke6 110. g6 Ke5 111. g7 Ke4 112. g8=Q Kd4 113. Qe6 Kc5 114. Rf5+ 1/2-1/2

[Event "Bayern-chTT (RL Nord-West)"]
[Site "Bayern 2008/09"]
[Date "2009.03.01"]
[Round "7.5"]
[White "Nuernberger, Stefan"]
[Black "Heimerdinger, Joerg"]
[Result "1/2-1/2"]
[WhiteElo "2051"]
[BlackElo "2022"]
[PlyCount "81"]
[EventDate "2009.03.??"]
[EventType "team-tourn"]
[EventRounds "9"]
[WhiteTeam "Marktleuthen 1"]
[BlackTeam "Bindlach 2"]

1. d4 Nf6 2. Nf3 g6 3. Bg5 Bg7 4. Nbd2 d5 5. e3 O-O 6. Bd3 c5 7. c3 Qb6 8. Qb3
Qxb3 9. axb3 cxd4 10. exd4 Nc6 11. h3 h6 12. Bf4 Bf5 13. Bxf5 gxf5 14. O-O Ne4
15. b4 Rfc8 16. Nb3 a6 17. Nh4 e6 18. f3 Nf6 19. Nc5 a5 20. b5 Nd8 21. g4 fxg4
22. fxg4 b6 23. Na4 Nd7 24. Nf3 f6 25. Rae1 Ra7 26. h4 Rb7 27. g5 hxg5 28. hxg5
Rc4 29. b3 Rc8 30. Re2 Nf8 31. gxf6 Bxf6 32. Rg2+ Rg7 33. Ne5 Rxg2+ 34. Kxg2
Bxe5 35. Bxe5 Nd7 36. Bg3 Nf7 37. Re1 Ng5 38. Re3 Ne4 39. Bf4 Kf7 40. Rf3 Ke7
41. Kf1 1/2-1/2

[Event "Bayern-chTT (RL Nord-West)"]
[Site "Bayern 2008/09"]
[Date "2009.03.01"]
[Round "7.6"]
[White "Tiller, Jaroslav"]
[Black "Kuespert, Helmut"]
[Result "1-0"]
[WhiteElo "2051"]
[BlackElo "1940"]
[PlyCount "113"]
[EventDate "2009.03.??"]
[EventType "team-tourn"]
[EventRounds "9"]
[WhiteTeam "Bindlach 2"]
[BlackTeam "Marktleuthen 1"]

1. d4 Nf6 2. Nf3 c5 3. e3 e6 4. b3 b6 5. Bb2 Bb7 6. Nbd2 d6 7. Bd3 Nbd7 8. O-O
Be7 9. Qe2 a6 10. c4 Qc7 11. Rac1 O-O 12. e4 cxd4 13. Nxd4 Rfe8 14. Kh1 Rac8
15. f4 Qb8 16. N4f3 Nc5 17. Bb1 Qa8 18. Rce1 h6 19. Ba1 a5 20. a3 Red8 21. e5
Nfd7 22. b4 axb4 23. axb4 Na6 24. exd6 Bxd6 25. Qd3 Nf8 26. b5 Bb4 27. Qe2 Bxd2
28. Nxd2 Bxg2+ 29. Qxg2 Qxg2+ 30. Kxg2 Rxd2+ 31. Rf2 Rxf2+ 32. Kxf2 Nb4 33. Re4
Rd8 34. Ke2 f5 35. Rd4 Ra8 36. Bc3 Na2 37. Bb2 Kf7 38. Rd6 Ra4 39. Kd3 Nb4+ 40.
Kc3 g5 41. fxg5 Na2+ 42. Kb3 Rb4+ 43. Kxa2 Rxc4 44. gxh6 Rh4 45. Be5 f4 46. Rd2
Rxh6 47. Bxf4 Rh5 48. Bd3 Ke7 49. h4 Rd5 50. Bc4 Rxd2+ 51. Bxd2 Nd7 52. Be3 Kd6
53. Kb2 e5 54. Kc3 Kc7 55. h5 Nf6 56. h6 Kb7 57. Bg8 1-0

[Event "Bayern-chTT (RL Nord-West)"]
[Site "Bayern 2008/09"]
[Date "2009.03.01"]
[Round "7.7"]
[White "Lichtinger, Bernd"]
[Black "Vojtech, Jaroslav"]
[Result "1/2-1/2"]
[WhiteElo "1997"]
[BlackElo "2131"]
[PlyCount "33"]
[EventDate "2009.03.??"]
[EventType "team-tourn"]
[EventRounds "9"]
[WhiteTeam "Marktleuthen 1"]
[BlackTeam "Bindlach 2"]

1. e4 e5 2. Nf3 Nc6 3. Bb5 a6 4. Ba4 d6 5. d4 b5 6. Bb3 Nxd4 7. Nxd4 exd4 8. a4
Bb7 9. axb5 axb5 10. Rxa8 Bxa8 11. O-O c5 12. Bd5 Ne7 13. Qd3 Nxd5 14. exd5 Be7
15. Qxb5+ Qd7 16. Qb8+ Qd8 17. Qb5+ 1/2-1/2

[Event "Bayern-chTT (RL Nord-West)"]
[Site "Bayern 2008/09"]
[Date "2009.03.15"]
[Round "8.1"]
[White "Lorenz, Mark"]
[Black "Kliche, Alexander"]
[Result "1/2-1/2"]
[WhiteElo "2248"]
[BlackElo "2100"]
[PlyCount "28"]
[EventDate "2009.03.??"]
[EventType "team-tourn"]
[EventRounds "9"]
[WhiteTeam "Marktleuthen 1"]
[BlackTeam "Kitzingen 1"]

1. c4 Nf6 2. g3 c5 3. Bg2 Nc6 4. Nc3 g6 5. e4 Bg7 6. Nge2 O-O 7. O-O d6 8. d3
a6 9. h3 Rb8 10. Be3 b5 11. Qd2 Nd7 12. cxb5 axb5 13. f4 b4 14. Nd1 Nd4 1/2-1/2

[Event "Bayern-chTT (RL Nord-West)"]
[Site "Bayern 2008/09"]
[Date "2009.03.15"]
[Round "8.2"]
[White "Kannenberg, Karl-Heinz"]
[Black "Heinz, Thomas(81)"]
[Result "1/2-1/2"]
[WhiteElo "2132"]
[BlackElo "2040"]
[PlyCount "30"]
[EventDate "2009.03.??"]
[EventType "team-tourn"]
[EventRounds "9"]
[WhiteTeam "Kitzingen 1"]
[BlackTeam "Marktleuthen 1"]

1. d4 d5 2. Nf3 e6 3. e3 Be7 4. Bd3 f5 5. g4 Nf6 6. g5 Ne4 7. Ne5 g6 8. h4 Nd7
9. f4 Nxe5 10. dxe5 c5 11. c4 Kf7 12. Nd2 Nxd2 13. Bxd2 b6 14. Qe2 Bb7 15. Rh2
h6 1/2-1/2

[Event "Bayern-chTT (RL Nord-West)"]
[Site "Bayern 2008/09"]
[Date "2009.03.15"]
[Round "8.3"]
[White "Wilfert, Andre"]
[Black "Kunz, Konstantin"]
[Result "1/2-1/2"]
[WhiteElo "2009"]
[BlackElo "2179"]
[PlyCount "95"]
[EventDate "2009.03.??"]
[EventType "team-tourn"]
[EventRounds "9"]
[WhiteTeam "Marktleuthen 1"]
[BlackTeam "Kitzingen 1"]

1. e4 c5 2. Nf3 Nc6 3. d4 cxd4 4. Nxd4 Qc7 5. Nc3 e6 6. Be2 a6 7. O-O Nf6 8. a4
Bb4 9. Qd3 O-O 10. Bg5 Qe5 11. Nxc6 bxc6 12. f4 Qc5+ 13. Kh1 Ne8 14. e5 Bxc3
15. bxc3 f6 16. exf6 Nxf6 17. f5 exf5 18. Rxf5 d5 19. Rf4 Ne4 20. Rxf8+ Qxf8
21. Be3 Nf2+ 22. Bxf2 Qxf2 23. Rf1 Qc5 24. Qf3 Be6 25. Bd3 Kh8 26. Qh5 Bg8 27.
c4 a5 28. cxd5 cxd5 29. Qe5 Rf8 30. Rxf8 Qxf8 31. Kg1 Qd8 32. h3 h6 33. Kh2 Bf7
34. Qf5 Bg8 35. Qe5 Bf7 36. Qf5 Bg8 37. Qe5 d4 38. Kg3 Qd5 39. Qe8 Qg5+ 40. Kf2
Qf4+ 41. Kg1 Qf7 42. Qd8 Qd5 43. Qe8 Qe6 44. Qd8 Qe1+ 45. Kh2 Qe5+ 46. Kg1 Qd5
47. Qf8 Qe6 48. Qd8 1/2-1/2

[Event "Bayern-chTT (RL Nord-West)"]
[Site "Bayern 2008/09"]
[Date "2009.03.15"]
[Round "8.4"]
[White "Basel, Matthias"]
[Black "Kirschneck, Toralf"]
[Result "1-0"]
[WhiteElo "1994"]
[BlackElo "2050"]
[PlyCount "91"]
[EventDate "2009.03.??"]
[EventType "team-tourn"]
[EventRounds "9"]
[WhiteTeam "Kitzingen 1"]
[BlackTeam "Marktleuthen 1"]

1. d4 Nf6 2. Nf3 g6 3. c4 Bg7 4. Nc3 d6 5. e4 c6 6. Be2 Bg4 7. Be3 O-O 8. Ng5
Bxe2 9. Qxe2 h6 10. Nh3 Qa5 11. O-O Nbd7 12. f3 Kh7 13. Rab1 e6 14. Rfd1 Ng8
15. Qd2 a6 16. b4 Qc7 17. Rb3 Nb6 18. Qe2 d5 19. c5 Nc4 20. Bf4 Qd7 21. e5 f6
22. Bg3 fxe5 23. dxe5 Qf7 24. Ne4 dxe4 25. Qxc4 Rad8 26. Rd6 exf3 27. Rxf3 Qe7
28. Qe4 Rxf3 29. gxf3 Re8 30. Kg2 Qf7 31. Nf2 Qf5 32. Qd4 Qb1 33. Rd7 Re7 34.
Qd6 Rxd7 35. Qxd7 Qxb4 36. Ne4 Qb2+ 37. Kh3 Qe2 38. Nf6+ Kh8 39. Qf7 Qf1+ 40.
Kh4 g5+ 41. Kg4 h5+ 42. Kxg5 Bh6+ 43. Kg6 Qd3+ 44. Ne4 Ne7+ 45. Qxe7 Qxf3 46.
Qh7# 1-0

[Event "Bayern-chTT (RL Nord-West)"]
[Site "Bayern 2008/09"]
[Date "2009.03.15"]
[Round "8.5"]
[White "Nuernberger, Stefan"]
[Black "Kwossek, Georg"]
[Result "1/2-1/2"]
[WhiteElo "2051"]
[BlackElo "1981"]
[PlyCount "85"]
[EventDate "2009.03.??"]
[EventType "team-tourn"]
[EventRounds "9"]
[WhiteTeam "Marktleuthen 1"]
[BlackTeam "Kitzingen 1"]

1. d4 Nf6 2. Nf3 g6 3. Bg5 Ne4 4. Bf4 Bg7 5. Nbd2 d5 6. e3 O-O 7. Bd3 c5 8.
Nxe4 dxe4 9. Bxe4 cxd4 10. exd4 Nc6 11. c3 Qb6 12. Qb3 Qa6 13. Qc2 e5 14. Bd3
Qa5 15. dxe5 Bg4 16. Be2 Rfe8 17. O-O Rac8 18. Rfe1 h6 19. Qb3 g5 20. Bg3 Be6
21. Qb5 Qc7 22. Bd3 a6 23. Qa4 Qb6 24. Re2 Bd7 25. Qe4 f5 26. Bc4+ Kh8 27. Qe3
Qxe3 28. fxe3 Nxe5 29. Nxe5 Bxe5 30. Bxe5+ Rxe5 31. Rd1 Bc6 32. Rd6 Kg7 33. Bd3
Rce8 34. Kf2 R8e7 35. c4 Re8 36. b3 R8e7 37. Bc2 Re8 38. Bd3 R8e7 39. Rd8 R7e6
40. Bc2 Re7 41. Bd3 R7e6 42. Rd4 Re7 43. Rd6 1/2-1/2

[Event "Bayern-chTT (RL Nord-West)"]
[Site "Bayern 2008/09"]
[Date "2009.03.15"]
[Round "8.6"]
[White "Gernert, Ingolf"]
[Black "Kuespert, Helmut"]
[Result "1-0"]
[WhiteElo "1971"]
[BlackElo "1940"]
[PlyCount "131"]
[EventDate "2009.03.??"]
[EventType "team-tourn"]
[EventRounds "9"]
[WhiteTeam "Kitzingen 1"]
[BlackTeam "Marktleuthen 1"]

1. e4 c5 2. Nc3 e6 3. g3 b6 4. Bg2 Bb7 5. Nh3 d6 6. O-O Nf6 7. f4 Be7 8. e5
Bxg2 9. Kxg2 Nd5 10. Qf3 dxe5 11. fxe5 O-O 12. Nf4 Nxf4+ 13. gxf4 Nd7 14. d3 a6
15. Qg4 g6 16. Be3 h5 17. Qh3 Qc7 18. Rf3 Kg7 19. Ne4 Rh8 20. Raf1 Raf8 21. Bd2
b5 22. c3 Qc6 23. Ng3 f5 24. Kf2 Qd5 25. b3 c4 26. b4 cxd3 27. Rxd3 Qc6 28. Rg1
Kf7 29. Ne2 Nb6 30. Rdg3 Rfg8 31. Be3 Nc4 32. Nd4 Qe4 33. Bc1 Qb1 34. a3 Qa2+
35. Kf1 Nxa3 36. Bxa3 Qxa3 37. Kg2 Qa2+ 38. Kh1 h4 39. R3g2 Qc4 40. Qf3 h3 41.
Rg3 Rg7 42. Ra1 Qc8 43. Qc6 Qxc6+ 44. Nxc6 Rh4 45. Rxa6 Rxf4 46. Rxh3 Kg8 47.
Nd4 Re4 48. Nxe6 Rxe5 49. Nxg7 Kxg7 50. Rg3 g5 51. Ra7 Kg6 52. Rd3 f4 53. Kg2
g4 54. h3 g3 55. Kf3 Kf5 56. Rad7 Re1 57. R7d5+ Ke6 58. Rxb5 Rf1+ 59. Kg2 Rf2+
60. Kg1 f3 61. Re3+ Kf6 62. Rb6+ Kf5 63. Rxe7 Re2 64. Rf7+ Ke4 65. Re6+ Kd3 66.
Rxf3+ 1-0

[Event "Bayern-chTT (RL Nord-West)"]
[Site "Bayern 2008/09"]
[Date "2009.03.15"]
[Round "8.7"]
[White "Lichtinger, Bernd"]
[Black "Degering, Florian"]
[Result "1-0"]
[WhiteElo "1997"]
[BlackElo "1990"]
[PlyCount "51"]
[EventDate "2009.03.??"]
[EventType "team-tourn"]
[EventRounds "9"]
[WhiteTeam "Marktleuthen 1"]
[BlackTeam "Kitzingen 1"]

1. e4 e5 2. Nf3 Nc6 3. Bb5 a6 4. Ba4 Bc5 5. O-O d6 6. c3 Bd7 7. d4 exd4 8. cxd4
Bb6 9. Nc3 Nge7 10. a3 h6 11. Be3 Na5 12. Bc2 Nc4 13. Bc1 Ba7 14. Nd5 Nb6 15.
Nc3 Ng6 16. b3 Nh4 17. Qd3 Qf6 18. Nxh4 Qxh4 19. a4 Bg4 20. Nd5 Nxd5 21. exd5
g6 22. Qe4+ Kd7 23. h3 h5 24. Qf4 f5 25. hxg4 hxg4 26. Bxf5+ 1-0

[Event "Bayern-chTT (RL Nord-West)"]
[Site "Bayern 2008/09"]
[Date "2009.03.15"]
[Round "8.8"]
[White "Eckert, Leo"]
[Black "Reissner, Andreas"]
[Result "1/2-1/2"]
[WhiteElo "1871"]
[BlackElo "1955"]
[PlyCount "193"]
[EventDate "2009.03.??"]
[EventType "team-tourn"]
[EventRounds "9"]
[WhiteTeam "Kitzingen 1"]
[BlackTeam "Marktleuthen 1"]

1. d4 Nf6 2. Nf3 d5 3. c4 e6 4. g3 c6 5. Bg2 Nbd7 6. O-O Ne4 7. b3 Be7 8. Bb2
O-O 9. Qc2 f5 10. Nfd2 Bd6 11. f3 Nxg3 12. hxg3 Bxg3 13. f4 Qh4 14. Rf3 Qh2+
15. Kf1 Rf6 16. Qd3 Rg6 17. Qe3 Nf6 18. Qg1 Bxf4 19. Qxh2 Bxh2 20. Rh3 Bf4 21.
e3 Bh6 22. Na3 Bd7 23. Nc2 Ng4 24. Nf3 Rf8 25. Ba3 Rf7 26. Re1 Bg5 27. Nxg5
Rxg5 28. Bd6 Rg6 29. Re2 Rh6 30. Rxh6 Nxh6 31. Bf4 Ng4 32. Ne1 h6 33. Nd3 g5
34. Bb8 a6 35. Ne5 Nxe5 36. Bxe5 Kh7 37. cxd5 exd5 38. Rf2 Kg6 39. Bf3 h5 40.
Rh2 h4 41. Be2 Rh7 42. Kg2 Kf7 43. Rh1 Ke6 44. b4 Be8 45. Bd3 Bh5 46. Rf1 Bg6
47. Rc1 Be8 48. Rf1 Rf7 49. Rb1 g4 50. Bf4 b5 51. Rf1 Rf8 52. Bg5 h3+ 53. Kh2
Bg6 54. Bf4 a5 55. bxa5 Ra8 56. Rc1 Kd7 57. Kg3 Rxa5 58. Bb1 Ra8 59. Kh4 Rf8
60. Kg5 Rg8 61. Kh4 Bf7 62. Kg3 Ra8 63. Kh4 Rg8 64. Kg3 Rc8 65. Rc3 Ra8 66. Rc1
Ra6 67. Kh4 Ke6 68. Kg3 Bg6 69. Rc5 Be8 70. Kh4 Kf6 71. Bc7 Kg6 72. Bf4 Bd7 73.
Kg3 Ra4 74. Rc1 Rb4 75. Bd3 Rb2 76. Rc2 Rb4 77. Be2 Rb1 78. Bd3 Rd1 79. Be2
Rg1+ 80. Kh2 Rg2+ 81. Kh1 Kh5 82. Bd3 Rxc2 83. Bxc2 Kh4 84. Kh2 Bc8 85. Bg3+
Kg5 86. Bf4+ Kf6 87. Kg3 Ke6 88. Kh4 b4 89. Kg5 Kf7 90. Bxf5 Ba6 91. Kxg4 Bf1
92. Kg3 Kf6 93. Bc2 Ke6 94. Bh6 Kf7 95. Bf4 Ke7 96. Bg5+ Kd7 97. Bh6 1/2-1/2

[Event "Bayern-chTT (RL Nord-West)"]
[Site "Bayern 2008/09"]
[Date "2009.03.15"]
[Round "8.1"]
[White "Helbig, Uwe"]
[Black "Breithut, Kurt-Georg"]
[Result "1-0"]
[WhiteElo "2224"]
[BlackElo "2129"]
[PlyCount "131"]
[EventDate "2009.03.??"]
[EventType "team-tourn"]
[EventRounds "9"]
[WhiteTeam "Bindlach 2"]
[BlackTeam "Bamberg-SC 2"]

1. d4 g6 2. e4 c6 3. Nc3 d5 4. Nf3 dxe4 5. Nxe4 Bg7 6. Bc4 Nf6 7. Nxf6+ Bxf6 8.
Bh6 Bg4 9. c3 Bxf3 10. Qxf3 Nd7 11. O-O Qa5 12. Rfe1 Qf5 13. Qe2 Qh5 14. Qxh5
gxh5 15. Re3 e6 16. f4 Nb6 17. Be2 Nd5 18. Re4 h4 19. Bh5 Ke7 20. f5 Rhg8 21.
fxe6 fxe6 22. Rae1 Nc7 23. Bf4 Kd7 24. h3 Rg7 25. Bg4 Re8 26. Be5 Bxe5 27. Rxe5
Kd6 28. Rh5 Nd5 29. Rxh4 Nf4 30. Rh6 Ng6 31. Bh5 Reg8 32. Bxg6 Rxg6 33. Rxg6
Rxg6 34. Re5 b6 35. Rh5 h6 36. Kf2 c5 37. dxc5+ bxc5 38. g4 e5 39. Ke3 Kd5 40.
b3 c4 41. bxc4+ Kxc4 42. Rxe5 Ra6 43. a4 Kxc3 44. a5 Rg6 45. Ke4 Kc4 46. Kf5
Ra6 47. h4 Kd4 48. Re6 Rxa5+ 49. Kg6 Kd5 50. Rf6 Ra4 51. Kh5 Rb4 52. Ra6 Ke5
53. Rxa7 Kf4 54. g5 hxg5 55. hxg5 Kf5 56. Rf7+ Ke6 57. Rf1 Rb8 58. Kh6 Rh8+ 59.
Kg7 Rh2 60. g6 Rg2 61. Re1+ Kd7 62. Kf7 Rf2+ 63. Kg8 Rg2 64. g7 Rh2 65. Re4 Rh4
66. Rxh4 1-0

[Event "Bayern-chTT (RL Nord-West)"]
[Site "Bayern 2008/09"]
[Date "2009.03.15"]
[Round "8.2"]
[White "Schwalbe, Gerhard"]
[Black "Ruettinger, Johannes"]
[Result "0-1"]
[WhiteElo "2032"]
[BlackElo "2146"]
[PlyCount "86"]
[EventDate "2009.03.??"]
[EventType "team-tourn"]
[EventRounds "9"]
[WhiteTeam "Bamberg-SC 2"]
[BlackTeam "Bindlach 2"]

1. e4 c5 2. Nf3 a6 3. Be2 b5 4. a4 Bb7 5. axb5 axb5 6. Rxa8 Bxa8 7. Bxb5 Bxe4
8. Nc3 Bb7 9. O-O Nf6 10. Re1 e6 11. Ne5 Be7 12. d4 O-O 13. Bg5 d6 14. Nc4 Nbd7
15. dxc5 Nxc5 16. Bxf6 gxf6 17. Qh5 Kh8 18. b4 Nd7 19. Na5 Ba8 20. Bc6 Ne5 21.
Bxa8 Qxa8 22. Kf1 Rg8 23. Qh3 d5 24. Nb3 Bxb4 25. Re3 Qc6 26. Nd4 Qc4+ 27. Nce2
Ra8 28. g4 Rg8 29. Rg3 Ng6 30. c3 Bd6 31. Rf3 Be7 32. Qh6 Rg7 33. h3 Qa2 34.
Re3 Ne5 35. f4 Nc4 36. Nf5 Nxe3+ 37. Nxe3 Rg6 38. Qh4 Qb1+ 39. Kf2 Bc5 40. Nd4
Qb2+ 41. Kf3 Qxc3 42. Ndc2 d4 43. f5 exf5 0-1

[Event "Bayern-chTT (RL Nord-West)"]
[Site "Bayern 2008/09"]
[Date "2009.03.15"]
[Round "8.3"]
[White "Pesch, Werner ProfDr"]
[Black "Saring, Christoph Dr"]
[Result "1/2-1/2"]
[WhiteElo "2173"]
[BlackElo "2005"]
[PlyCount "54"]
[EventDate "2009.03.??"]
[EventType "team-tourn"]
[EventRounds "9"]
[WhiteTeam "Bindlach 2"]
[BlackTeam "Bamberg-SC 2"]

1. e4 e5 2. Nf3 d6 3. d4 exd4 4. Nxd4 Nf6 5. Nc3 Bd7 6. Bc4 Nc6 7. O-O Be7 8.
Re1 O-O 9. a4 Nxd4 10. Qxd4 Be6 11. Bxe6 fxe6 12. e5 c5 13. Qe3 Nd5 14. Nxd5
exd5 15. e6 Rf5 16. f4 h5 17. g3 Qe8 18. Qf3 Qg6 19. Ra3 Re8 20. Rae3 a6 21. h3
Ref8 22. R3e2 b5 23. axb5 axb5 24. Rg2 d4 25. g4 Re5 26. Rxe5 dxe5 27. f5 Qxe6
1/2-1/2

[Event "Bayern-chTT (RL Nord-West)"]
[Site "Bayern 2008/09"]
[Date "2009.03.15"]
[Round "8.4"]
[White "Denk, Stefan(79)"]
[Black "Heimerdinger, Joerg"]
[Result "1-0"]
[WhiteElo "1963"]
[BlackElo "2022"]
[PlyCount "87"]
[EventDate "2009.03.??"]
[EventType "team-tourn"]
[EventRounds "9"]
[WhiteTeam "Bamberg-SC 2"]
[BlackTeam "Bindlach 2"]

1. c4 Nf6 2. Nf3 g6 3. g3 Bg7 4. Bg2 O-O 5. O-O d6 6. d4 Nbd7 7. Nc3 e5 8. dxe5
dxe5 9. e4 c6 10. h3 Qc7 11. Be3 Re8 12. Ne1 Nf8 13. Nc2 Be6 14. Qe2 Nh5 15.
Rad1 f5 16. exf5 Bxf5 17. Ne4 Bxe4 18. Bxe4 Nf6 19. Bg2 Ne6 20. c5 Rad8 21. Qc4
Qf7 22. b4 Nc7 23. Qxf7+ Kxf7 24. a4 Ncd5 25. b5 Bf8 26. bxc6 bxc6 27. Rb1 Rb8
28. Rfc1 Nc3 29. Rxb8 Rxb8 30. Rf1 Nfd5 31. Na3 Ke6 32. Nc4 Rb4 33. Na5 Kd7 34.
Nxc6 Rxa4 35. Nxe5+ Ke6 36. Nd3 Kd7 37. c6+ Kc7 38. Nf4 Nxe3 39. fxe3 Bb4 40.
Ne6+ Kc8 41. h4 Ra5 42. Bh3 Re5 43. Nc5+ Kd8 44. Na6 1-0

[Event "Bayern-chTT (RL Nord-West)"]
[Site "Bayern 2008/09"]
[Date "2009.03.15"]
[Round "8.5"]
[White "Tiller, Jaroslav"]
[Black "Weinberg, Wladimir"]
[Result "1/2-1/2"]
[WhiteElo "2051"]
[BlackElo "1923"]
[PlyCount "70"]
[EventDate "2009.03.??"]
[EventType "team-tourn"]
[EventRounds "9"]
[WhiteTeam "Bindlach 2"]
[BlackTeam "Bamberg-SC 2"]

1. d4 Nf6 2. Nf3 g6 3. c4 Bg7 4. Nc3 O-O 5. e4 d6 6. h3 Nbd7 7. Bg5 c5 8. d5 a6
9. a4 b6 10. Qd2 Ne5 11. Nh2 Ne8 12. f4 Nd7 13. Nf3 Ndf6 14. Bd3 Nd7 15. O-O f6
16. Bh4 Bh6 17. Bf2 Ne5 18. Be2 Nxf3+ 19. Bxf3 Rb8 20. Be3 Nc7 21. Be2 Bd7 22.
e5 b5 23. axb5 axb5 24. e6 Be8 25. Ra2 bxc4 26. Bxc4 f5 27. Rfa1 Nb5 28. Ra5
Nxc3 29. bxc3 Bg7 30. Ra7 Bf6 31. Qd3 Qb6 32. Bd2 Bb5 33. R7a3 Bxc4 34. Qxc4
Rb7 35. Kf2 Rfb8 1/2-1/2